000 01521nam a22002537a 4500
001 7688
003 FISKH
005 20250731102921.0
008 250731b cb ||||| |||| 00| 0 eng d
040 _aFISKH
_beng
_cFISKH
_dFISKH
050 _aBJ1631 .B433
082 _a179.8
100 _aBerry, Joy Wilt
245 _aA children's book about being destructive :
_bHelp me be good /
_cby Joy Wilt Berry
260 _aNew York : New
_bGrolier Books,
_c1988.
300 _a32 unnumbered pages :
_bcolor illustrations ;
_c19 cm
505 _aE
520 _aHelp Me Be Good About Being Destructive explains how destruction can be harmful and shows children how to avoid being destructive. Companion CD includes songs and read-along with Joy.
521 8 _a160
_bLexile estimate
521 8 _aE
_bRaz-Plus
650 _aBehavior
_vDestructive
_xManners
942 _2ddc
_cBK
_n0
999 _c7688
_d7688